000 00438nam a2200169Ia 4500
999 _c37418
_d37418
003 OSt
005 20200930103227.0
008 190216s9999||||xx |||||||||||||| ||und||
040 _coclc
082 _a590
_bAUT/P
100 _aAuthors
_91880
245 0 _aPre-Degree Janthushastram /
_cAuthors
260 _bVidyarthimithram,
300 _a268p
650 _aZoology
942 _cBK
_2ddc
_h590
_iAUT/P
_k590
_mAUT/P